000 00370nam a2200157Ia 4500
005 20250411010942.0
008 240331s9999 xx 000 0 und d
082 _bWIC
_a891
100 _aWickramasinghe,M
245 0 _aKaruwala gedara
250 _a4th
260 _aDehiwala
_bTissara Publication
_c1990
300 _a174 p .,
650 _aSinhala Novel
942 _cL
999 _c4858
_d4858